| 000 | 00853cas a2200265 a 4500 | ||
|---|---|---|---|
| 001 | 12911843 | ||
| 008 | 020830d19972013oncfr p l f0 a0eng | ||
| 010 | _acn 97302238 | ||
| 035 | _a(OCoLC)ocm37973394 | ||
| 037 | _bFirst Nations Tax Commission, 321-345 Chief Alex Thomas Way, Kamloops, British Columbia, V2H 1H1 | ||
| 040 |
_aCUZ _beng _cCUZ _dCUZ _erda |
||
| 050 | 0 | 0 |
_aKE7703.9 _bGUI |
| 110 | 1 | _aUnited Nations | |
| 245 | 0 | 0 | _aGuidance on Modernizing Statistical Legislation |
| 264 |
_aNew York ; _aGeneva: _bUnited Nations, _cc2018 |
||
| 300 |
_avi, 132pages : _bcolor illustrations; _c30cm. |
||
| 336 |
_atext _btxt |
||
| 337 |
_aunmediated _bn |
||
| 338 | _2rdacarrier | ||
| 650 | _aLegislation - Statistics | ||
| 710 | 2 | _aArmenia | |
| 710 | 2 | _aGermany | |
| 710 | 2 | _aUnited Kingdom | |
| 942 | _cOS | ||
| 999 |
_c44800 _d44800 |
||